Statistics for NCAA FOOTBALL TEAMS BY STATE (A)

Click here to take the quiz!

General Stats

  • This quiz has been taken 40 times
  • The average score is 8 of 10

Answer Stats

HintAnswer% Correct
AlabamaAlabama Crimson Tide
100%
ArizonaArizona State Sun Devils
100%
ArizonaArizona Wildcats
100%
ArkansasArkansas Razorbacks
100%
ArkansasArkansas State Red Wolves
92%
AlabamaAuburn Tigers
89%
AlabamaSouth Alabama Jaguars
76%
AlabamaUAB Blazers
68%
AlabamaTroy Trojans
51%
AlabamaJacksonville State Gamecocks
38%

Score Distribution

Percentile by Number Answered

Percent of People with Each Score

Your Score History

You have not taken this quiz